000 00618cam a22002053a 4500
001 45517
003 PGUSA
005 20140828084043.0
008 140428s2014||||xxu|||||s|||||000 | eng d
040 _aPGUSA
_beng
042 _adc
100 1 _aStratemeyer, Edward,
_d1862-1930
245 1 4 _aThe Putnam Hall Cadets ;
_bor, Good Times in School and Out
_h[electronic resource] /
_cEdward Stratemeyer
260 _bProject Gutenberg,
_c2014
506 _aPublic domain in the USA.
516 _aElectronic text
830 0 _aProject Gutenberg
_v45517
856 4 0 _uhttp://www.gutenberg.org/ebooks/45517
942 _cEB
999 _c274768
_d274768